Colleen Hoover Books - Statistics

General Stats
  • This quiz has been taken 453 times
  • The average score is 13 of 23
Answer Stats
Main Character Answer % Correct
Lily Bloom It Ends With Us
97%
Miles Archer Ugly Love
86%
Jeremy Crawford Verity
86%
Fallon O'Neill November 9
82%
Kenna Rowan Reminders Of Him
69%
Graham Wells All Your Perfects
64%
Auburn Reed Confess
62%
Merit Voss Without Merit
58%
Sydney Blake Maybe Someday
57%
Beyah Grim Heart Bones
54%
Sky Davis Hopeless
54%
Leeds Beckett Layla
54%
Morgan Grant Regretting You
51%
Ridge Lawson Maybe Now
49%
Will Cooper Slammed
46%
Warren Maybe Not
45%
Daniel Wesley Finding Cinderella
44%
Dean Holder Losing Hope
42%
Asa Jackson Too Late
40%
Charlize Wynwood Never Never
38%
Daniel Wesley Finding Perfect
36%
Will Cooper This Girl
35%
Layken Cohen Point Of Retreat
33%
No matching quizzes found
Score Distribution
Percent of People with Each Score
Percentile by Number Answered
Your Score History
You have not taken this quiz